000 01081nam0a22002771 4500
001 v19\rc\1345261
005 20260406003000.0
035 _a(NLR Aleph) 005209987
090 _a5398271
_c5398271
100 _a20060512f18601869|||y0rusy50 ca
101 0 _arus
102 _aRU
105 _ay z |||||
200 1 _aЦерковное право, преподаваемое священником, магистром Парвовым
_eКл. II [Уч-ща правоведения
210 _aСанкт-Петербург]
_cлит. Г. Коплевского
_d[186-?]
215 _a64 с.
309 _aЛитогр.
316 _aЭкз. РНБ (18.130.1.510): деф.: без тит. л. и конца
_5NLR: 18.130.1.510
700 1 _8rus
_7ca
_aПарвов
_bА. И.
_f1834-1897
_gАлексей Иванович
_3RU\NLR\AUTH\77112535
_995460
801 0 _aRU
_bNLR
_c20060512
_gpsbo
801 0 _aRU
_bRuMoRGB
_c20060512
_2psbo
801 1 _aRU
_bProSoft-M
_c20060512
_2rusmarc
801 2 _aRU
_bNLR
_c20120608
_2rusmarc
852 _aNLR
_j18.130.1.510
942 _cBOOK
980 _aNB